[Event "First Saturday FM-A Nov 2013"]
[Site "Budapest"]
[Date "2013.11.11"]
[Round "8.3"]
[White "Nagy, Aron"]
[Black "Krstulovic, Alex"]
[Result "1-0"]
[WhiteElo "2142"]
[BlackElo "2001"]
[PlyCount "75"]
[EventDate "2013.11.02"]

1. d4 Nf6 2. c4 e6 3. Nc3 Bb4 4. Qc2 O-O 5. a3 Bxc3+ 6. Qxc3 Ne4 7. Qc2 f5 8.
Nh3 b6 9. f3 Nf6 10. e3 Bb7 11. Be2 c5 12. dxc5 bxc5 13. O-O Nc6 14. Rd1 Qc7
15. Nf4 Rae8 16. Nd3 d6 17. b4 cxb4 18. axb4 Rc8 19. Bd2 Qb6 20. c5 dxc5 21.
bxc5 Qc7 22. Nf4 Rce8 23. Bc4 Bc8 24. Qxf5 Qf7 25. Qc2 Nd5 26. Bd3 Nf6 27. Bb5
Bd7 28. Qa4 Ne5 29. Bxd7 Nfxd7 30. Qxa7 g5 31. Nh3 h6 32. f4 g4 33. Nf2 h5 34.
Bc3 Re7 35. Qa2 Ng6 36. Qc4 Rc8 37. Ne4 Qf8 38. Rxd7 1-0

[Event "First Saturday FM-A Nov 2013"]
[Site "Budapest"]
[Date "2013.11.11"]
[Round "8.5"]
[White "Steer, Jozsef"]
[Black "Lukacs, Albert"]
[Result "1/2-1/2"]
[WhiteElo "1899"]
[BlackElo "1928"]
[PlyCount "29"]
[EventDate "2013.11.02"]

1. e4 c5 2. Nf3 e6 3. a3 Qc7 4. d4 cxd4 5. Nxd4 a6 6. Nc3 Nc6 7. Nxc6 dxc6 8.
Bc4 Nf6 9. Bg5 Be7 10. O-O O-O 11. Re1 b5 12. Bf1 Bb7 13. g3 c5 14. Bg2 Rad8
15. Qe2 1/2-1/2

[Event "First Saturday FM-A Nov 2013"]
[Site "Budapest"]
[Date "2013.11.12"]
[Round "9.1"]
[White "Lukacs, Albert"]
[Black "Farkas, Richard"]
[Result "1/2-1/2"]
[WhiteElo "1928"]
[BlackElo "2183"]
[PlyCount "85"]
[EventDate "2013.11.02"]

1. Nf3 d5 2. b4 Nf6 3. Bb2 Bf5 4. e3 e6 5. a3 Nbd7 6. c4 a5 7. cxd5 exd5 8. Nd4
Bg6 9. b5 a4 10. Be2 Bd6 11. d3 O-O 12. Nd2 Qe7 13. O-O Nc5 14. Qc2 Nfd7 15.
N2f3 f5 16. Rfe1 Rae8 17. Bf1 Qd8 18. Qc3 Rf7 19. h4 Qf6 20. g3 Bh5 21. Qc2 Qg6
22. Bg2 Nf6 23. Bc3 h6 24. Bb4 b6 25. Ne2 Nb3 26. Bxd6 Nxa1 27. Rxa1 cxd6 28.
Nf4 Qh7 29. Nd4 Kh8 30. Qc6 Rfe7 31. Qxd6 Bf7 32. Qxb6 Nd7 33. Qd6 Ne5 34. h5
Qg8 35. Rc1 Rd7 36. Qb4 Qf8 37. Qxa4 Ra8 38. Qb4 Qxb4 39. axb4 Kg8 40. Bh3 Kf8
41. Bxf5 Rda7 42. Kg2 Ke7 43. b6 1/2-1/2

[Event "First Saturday FM-A Nov 2013"]
[Site "Budapest"]
[Date "2013.11.12"]
[Round "9.3"]
[White "Krstulovic, Alex"]
[Black "Szalanczy, Emil"]
[Result "0-1"]
[WhiteElo "2001"]
[BlackElo "2247"]
[PlyCount "142"]
[EventDate "2013.11.02"]

1. d4 c5 2. d5 e6 3. e4 d6 4. Nc3 exd5 5. exd5 Nf6 6. Nf3 Be7 7. Be2 O-O 8. O-O
Re8 9. Bf4 Bf8 10. h3 Na6 11. Qd2 Bf5 12. Bd3 Bxd3 13. Qxd3 Qd7 14. Bg5 Nb4 15.
Qd2 Qf5 16. Bxf6 Qxf6 17. a3 Na6 18. Rfe1 Nc7 19. b4 b6 20. Rab1 h6 21. Qd3
Rxe1+ 22. Rxe1 Re8 23. Rxe8 Nxe8 24. Kf1 g6 25. Ne4 Qa1+ 26. Ke2 Bg7 27. bxc5
bxc5 28. Qa6 Nf6 29. Qc8+ Bf8 30. Nxf6+ Qxf6 31. Qa6 Qb2 32. Qd3 c4 33. Qxc4
Qxa3 34. Qb3 Qa1 35. Nd2 Qe5+ 36. Kf1 a5 37. c4 Qa1+ 38. Qb1 Qd4 39. Ke2 a4 40.
Qa2 Qe5+ 41. Kd1 Qe8 42. Qa3 h5 43. g4 h4 44. f3 f5 45. Qd3 Qe5 46. gxf5 gxf5
47. Nb1 Kf7 48. Qe2 Kf6 49. Qf2 Qf4 50. Qe2 Kg5 51. Qg2+ Kh5 52. Qe2 Bg7 53.
Kc2 Be5 54. c5 dxc5 55. d6 Bxd6 56. Qe8+ Kg5 57. Qg8+ Kf6 58. Qh8+ Ke7 59. Qg7+
Kd8 60. Qg8+ Kd7 61. Qf7+ Be7 62. Qd5+ Qd6 63. Qb7+ Ke6 64. Qc8+ Ke5 65. Nd2
Kf4 66. Qa8 Qd4 67. Qb8+ Ke3 68. Qh2 Qd3+ 69. Kd1 Kd4 70. f4 Kc3 71. Ke1 Qg3+
0-1

[Event "First Saturday FM-A Nov 2013"]
[Site "Budapest"]
[Date "2013.11.12"]
[Round "9.4"]
[White "Mester, Attila"]
[Black "Nagy, Aron"]
[Result "1-0"]
[WhiteElo "2049"]
[BlackElo "2142"]
[PlyCount "87"]
[EventDate "2013.11.02"]

1. e4 e5 2. Nf3 Nc6 3. Bc4 Bc5 4. c3 Nf6 5. d4 exd4 6. e5 d5 7. Bb5 Ne4 8. cxd4
Bb6 9. Nc3 O-O 10. Be3 Bg4 11. Qc2 Bf5 12. Qa4 a6 13. Bxc6 Nxc3 14. bxc3 bxc6
15. Qxc6 Bd3 16. Qa4 f6 17. Qd1 Bc4 18. Qc2 Qe7 19. exf6 Rxf6 20. Ne5 Raf8 21.
O-O-O Qa3+ 22. Qb2 Qxb2+ 23. Kxb2 Rxf2+ 24. Bxf2 Rxf2+ 25. Kc1 Rxa2 26. Nxc4
dxc4 27. Rhe1 Ba5 28. Re3 Rxg2 29. Rd2 Rg6 30. Kc2 Bb6 31. Rde2 h6 32. Re6 Rg5
33. Rc6 Ra5 34. Rxc4 Kf7 35. Kd3 Rb5 36. Ra4 a5 37. c4 Rb3+ 38. Kc2 Rb4 39.
Rxb4 axb4 40. c5 Ba5 41. Kb3 c6 42. Ka4 Bd8 43. Kxb4 Bf6 44. Kc4 1-0

[Event "First Saturday FM-A Nov 2013"]
[Site "Budapest"]
[Date "2013.11.12"]
[Round "9.5"]
[White "Bodrogi, Mihaly"]
[Black "Letay, Gyula"]
[Result "0-1"]
[WhiteElo "2108"]
[BlackElo "1925"]
[PlyCount "56"]
[EventDate "2013.11.02"]

1. Nf3 c5 2. e4 a6 3. b3 e6 4. Bb2 Nc6 5. Be2 d5 6. exd5 exd5 7. d4 cxd4 8.
Nxd4 Nf6 9. O-O Bc5 10. c4 Nxd4 11. Bxd4 Bxd4 12. Qxd4 Be6 13. cxd5 Qxd5 14.
Qb2 O-O 15. Bf3 Qd7 16. Nc3 Rac8 17. Na4 Qe7 18. b4 Nd5 19. a3 Bd7 20. Rfe1 Qd6
21. Bxd5 Bxa4 22. Bxb7 Rc2 23. Qe5 Qb6 24. Be4 Qxf2+ 25. Kh1 Rd2 26. Rac1 Bb5
27. Qc5 Qh4 28. Bf3 g6 0-1